Advanced strength of materials (Record no. 6074)

000 -LEADER
fixed length control field 00525nam a2200193 4500
001 - CONTROL NUMBER
control field 6074
003 - CONTROL NUMBER IDENTIFIER
control field BD-DhHUET
008 - FIXED-LENGTH DATA ELEMENTS--GENERAL INFORMATION
fixed length control field 790809s1952 nyua 001 0 eng
020 ## - INTERNATIONAL STANDARD BOOK NUMBER
International Standard Book Number 070164002
040 ## - CATALOGING SOURCE
Original cataloging agency DLC
Transcribing agency DLC
Modifying agency BD-DhHUET
082 ## - DEWEY DECIMAL CLASSIFICATION NUMBER
Classification number 620.11
Item number DEN/1952
100 1# - MAIN ENTRY--PERSONAL NAME
Personal name Den Hartog, J. P.
245 10 - TITLE STATEMENT
Title Advanced strength of materials
Statement of responsibility, etc. by Den Hartog, J. P.
250 ## - EDITION STATEMENT
Edition statement 1st ed.
260 ## - PUBLICATION, DISTRIBUTION, ETC. (IMPRINT)
Place of publication, distribution, etc. New York
Name of publisher, distributor, etc. McGraw-Hill
Date of publication, distribution, etc. 1952
300 ## - PHYSICAL DESCRIPTION
Extent ix,379 p.
Other physical details illus.
Dimensions 24 cm.
650 #0 - SUBJECT ADDED ENTRY--TOPICAL TERM
Topical term or geographic name as entry element Strength of materials: engineering
942 ## - ADDED ENTRY ELEMENTS (KOHA)
Koha item type General Book
Holdings
Piece designation (barcode) Damaged status Source of classification or shelving scheme Not for loan Price effective from Shelving location Copy number Sublocation or collection (holding branch) Lost status Koha normalized classification for sorting Koha date last seen Date acquired Koha full call number Location (home branch) Withdrawn status Koha item type
87925   2014-11-30Circulation section1Central Library, BUET 620_000000000000000_11DEN19522014-11-302014-11-30620.11/DEN/1952Central Library, BUET General Book
29906   2015-04-23Circulation section2Central Library, BUET 620_110000000000000_DEN_19522015-04-232015-04-23620.11/DEN/1952Central Library, BUET General Book
29901   2015-04-23Circulation section3Central Library, BUET 620_110000000000000_DEN_19522015-04-232015-04-23620.11/DEN/1952Central Library, BUET General Book
34760   2015-04-23Circulation section4Central Library, BUET 620_110000000000000_DEN_19522015-04-232015-04-23620.11/DEN/1952Central Library, BUET General Book
29903   2015-04-23Circulation section5Central Library, BUET 620_110000000000000_DEN_19522015-04-232015-04-23620.11/DEN/1952Central Library, BUET General Book
34761   2015-04-23Circulation section6Central Library, BUET 620_110000000000000_DEN_19522015-04-232015-04-23620.11/DEN/1952Central Library, BUET General Book
29908   2015-04-23Circulation section7Central Library, BUET 620_110000000000000_DEN_19522015-04-232015-04-23620.11/DEN/1952Central Library, BUET General Book
29905   2015-04-23Circulation section8Central Library, BUET 620_110000000000000_DEN_19522015-04-232015-04-23620.11/DEN/1952Central Library, BUET General Book
29904   2015-04-23Circulation section9Central Library, BUET 620_110000000000000_DEN_19522015-04-232015-04-23620.11/DEN/1952Central Library, BUET General Book
34762   2015-04-25Circulation section10Central Library, BUET 620_110000000000000_DEN_19522015-04-252015-04-25620.11/DEN/1952Central Library, BUET General Book
29907   2015-04-25Circulation section11Central Library, BUET 620_110000000000000_DEN_19522015-04-252015-04-25620.11/DEN/1952Central Library, BUET General Book